[Event "Stuttgart-chB int"]
[Site "Ditzingen"]
[Date "2009.05.23"]
[Round "5"]
[White "Prinz, Philipp"]
[Black "Penzkofer, Ralf"]
[Result "1/2-1/2"]
[WhiteElo "1532"]
[BlackElo "1662"]
[PlyCount "75"]
[EventDate "2009.05.21"]
[EventType "swiss"]
[EventRounds "7"]
[EventCountry "GER"]
[SourceTitle "EXT 2018"]
[Source "ChessBase"]
[SourceDate "2017.10.13"]
[SourceVersion "1"]
[SourceVersionDate "2017.10.13"]
[SourceQuality "1"]

1. d4 d5 2. c4 e6 3. Nc3 Nf6 4. Bg5 Be7 5. Nf3 0-0 6. e3 Nbd7 7. cxd5 exd5 8. Bd3 c6 9. Qc2 Qc7 10. 0-0 h6 11. Bf4 Bd6 12. Nb5 cxb5 13. Qxc7 Bxc7 14. Bxc7 a6 15. Nd2 Nb8 16. b4 Nc6 17. a3 Be6 18. h3 Rac8 19. Bh2 Nd7 20. Nb3 f5 21. Rac1 Ne7 22. Bd6 Kf7 23. Na5 b6 24. Nb3 Rxc1 25. Rxc1 Rc8 26. Rxc8 Nxc8 27. Bh2 Ke7 28. f3 Nd6 29. Nd2 Nc4 30. Nxc4 bxc4 31. Bc2 Nf6 32. g4 fxg4 33. hxg4 Bg8 34. Be5 Be6 35. Kf2 Kf7 36. Kg3 g5 37. Kf2 Ng8 38. Kg3 1/2-1/2